000 00301nam a22001337a 4500
008 181019b xxu||||| |||| 00| 0 eng d
020 _a080365086
041 _aeng
080 _a159.9
100 _a48
101 _aPSI
245 _aAttention Deficit Disorder
_cBloomingdale,L.M
942 _2udc
_cBK
999 _c50195
_d50195